| 000 | 00588cam a2200217 a 4500 | ||
|---|---|---|---|
| 999 |
_c7117 _d7117 |
||
| 001 | 7632 | ||
| 003 | BD-DhUAP | ||
| 005 | 20210113160839.0 | ||
| 008 | 201223r20021999ii a b 001 0 eng | ||
| 020 | _a8178080656 | ||
| 040 |
_aDLC _cDLC _dBD-DhUAP _beng |
||
| 082 | 0 | 0 |
_a658.404 MAY _223 |
| 100 | _aMaylor, Harvey. | ||
| 245 |
_aProject management / _cHarvey Maylor. |
||
| 250 | _a2nd ed. | ||
| 260 |
_aIndia : _bPitman, _cc1999 [Reprinted 2002]. |
||
| 300 |
_axi, 291 pages : _billustrations ; _c25 cm. |
||
| 500 | _aIncludes index. | ||
| 650 | _aProject management. | ||
| 942 |
_2ddc _cBK |
||